Biblioteca y Centro de Documentación

Vista normal Vista MARC

Entrada Nombre corporativo

Número de registros utilizados en: 4

001 - NÚMERO DE CONTROL

  • Campo de control: 40074

003 - IDENTIFICADOR DE NÚMERO DE CONTROL

  • Campo de control: ES-MaCES

005 - FECHA Y HORA DE LA ULTIMA MODIFICACION

  • Campo de control: 20211124114819.0

008 - ELEMENTOS DE DATOS DE LONGITUD FIJA

  • Campo de longitud fija: 120117 | azznnaabn |n ana d

035 ## - NÚMERO DE CONTROL DEL SISTEMA

  • Número de control del sistema: CES20120000011e

040 ## - FUENTE DE LA CATALOGACIÓN

  • Agencia original de catalogación: ES-MaCES
  • Idioma de catalogación: spa
  • Agencia de transcripción: ES-MaCES

110 1# - ENCABEZAMIENTO--NOMBRE CORPORATIVO

  • Nombre corporativo o de jurisdicción como elemento de entrada: España
  • Título de una obra: Real Decreto Ley de trabajo a distancia, 2020

670 ## - FUENTE DE DATOS ENCONTRADOS

  • Fuente de citación: BOE núm. 253, de 23/09/2020
  • Información encontrada: : Real Decreto-ley 28/2020, de 22 de septiembre

901 ## - CES. DATOS SIRTEX

  • ID Sirtex (N5N8): 0001800007549
  • 005BIS Sirtex: 201201171022ALORITE
© CES, Consejo Económico y Social de España 2021